000 00317nam a2200133 i 4500
001 bg
100 1 _aNEELAMKAVIL, F.
245 0 _aComputer simulation and modelling /
_cF.Neelamkavil.
260 _aChichester,
_c1988.
040 _cBPK
041 _apol
942 _cKS
008 s pl f |000 0 pol
999 _c28776
_d28776
856 _uhttp://koha.tu.koszalin.pl/cgi-bin/koha/opac-detail.pl?biblionumber=28776
_yKatalog online BPK